Методические аспекты тепловизионного энергоаудита; Контроль. Диагностика; № 9

Detalles Bibliográficos
Parent link:Контроль. Диагностика: научно-технический журнал/ Российское общество по неразрушающему контролю и технической диагностике.— , 2006-
№ 9.— 2012.— С. 75-79
Autor principal: Вавилов В. П. Владимир Платонович
Otros Autores: Лариошина И. А. Ирина Анатольевна
Lenguaje:ruso
Publicado: 2012
Materias:
Formato: MixedMaterials Capítulo de libro
KOHA link:https://koha.lib.tpu.ru/cgi-bin/koha/opac-detail.pl?biblionumber=530154

MARC

LEADER 00000naa2a2200000 4500
001 530154
005 20240202105251.0
035 |a (RuTPU)RU\TPU\prd\216070 
035 |a RU\TPU\prd\216057 
090 |a 530154 
100 |a 20140328a2012 k y0rusy50 ca 
101 0 |a rus 
102 |a RU 
200 1 |a Методические аспекты тепловизионного энергоаудита  |f В. П. Вавилов, И. А. Лариошина 
320 |a Библиогр.: 2 назв. 
461 1 |0 (RuTPU)RU\TPU\prd\41977  |t Контроль. Диагностика  |o научно-технический журнал  |f Российское общество по неразрушающему контролю и технической диагностике  |d 2006- 
463 1 |0 (RuTPU)RU\TPU\prd\156533  |t № 9  |v С. 75-79  |d 2012 
610 1 |a труды учёных ТПУ 
700 1 |a Вавилов  |b В. П.  |c специалист в области неразрушающего контроля  |c профессор Томского политехнического университета, доктор технических наук  |f 1949-  |g Владимир Платонович  |3 (RuTPU)RU\TPU\pers\19772  |9 7710 
701 1 |a Лариошина  |b И. А.  |c специалист в области неразрушающего контроля  |c инженер Томского политехнического университета  |f 1988-  |g Ирина Анатольевна  |3 (RuTPU)RU\TPU\pers\29745 
801 1 |a RU  |b 63413507  |c 20140328 
801 2 |a RU  |b 63413507  |c 20140328  |g RCR 
942 |c BK